Flags by their meaning #1 - Statistics

General Stats
  • This quiz has been taken 17 times
  • The average score is 4 of 10
Answer Stats
Hint Answer % Correct
Red - Statehood Blue - Virgin Mary (protector of this country) White - Freedom and Independence Russia
73%
Blue - Sky White - Clouds Emblem - Inca Sun Argentina
60%
Green - Islam Sword - Strenght, justice and power Saudi Arabia
60%
Orange - Courage and sacrifice White - Peace and truth Green - Faith and chivalry Ashoka Chakra India
53%
Red - Strenght and Valor Yellow - Generosity Coat of Arms - Original kingdoms that united to form the country Spain
40%
Red - Blood lost by people fighting for the country to become a Republic Green - Hope for the Future Armillary Sphere - Device used during Age of Discoveries Portugal
33%
Red - Country Highland; struggle for survival; christian faith; independence and freedom Blue - Will to live beneath peaceful skies Orange - Creative talent and Hard-working nature Armenia
27%
Green - Nature, fertility and hope Yellow - Wealth, purity and minerals Red - Blood from the Independence Fight Mali
27%
Red - Equality, courage and patriotism White - Unity, purity and peace Blue - Freedom, charity and righteousness Emblem - Country's Independence Paraguay
27%
Red - Bravery and energy Blue - Peace and Harmony Moon and White Sun Nepal
20%
No matching quizzes found
Score Distribution
Percent of People with Each Score
Percentile by Number Answered
Your Score History
You have not taken this quiz